| 000 | 00000nam##2200000za#4500 |
| 001 | 9.602674 |
| 003 | CaOODSP |
| 005 | 20210624210705 |
| 007 | cr ||||||||||| |
| 008 | 150406|2001||||xxc|||||o f|0| 0 fre|d |
| 040 | |aCaOODSP|bfre |
| 043 | |an-cn--- |
| 086 | 1 |aNH18-22/101-119F-PDF |
| 110 | 2 |aSociété canadienne d'hypothèques et de logement. |
| 245 | 13|aLe protocole d'évaluation environnementale BREEAM Green Leaf pour les immeubles collectifs |h[ressource électronique] |
| 260 | |aOttawa - Ontario : |bSociété canadienne d'hypothèques et de logement |c[2001]. |
| 300 | |a6p.|bgraphiques |
| 490 | 1 |aLe point en recherche. Série technique |v01-119 |
| 590 | |a11-29-Supp|b2011-11-25 |
| 691 | 07|aÉvaluation environnementale|2gcpds |
| 691 | 07|aLogement|2gcpds |
| 775 | 08|tThe BREEAM Green Leaf environmental assessment protocol for multi-residential buildings |w(CaOODSP)9.572296 |
| 776 | 0#|tLe protocole d'évaluation environnementale BREEAM Green Leaf pour les immeubles collectifs |w(CaOODSP)9.625813 |
| 830 | #0|aLe point en recherche. Série technique ;|v01-119|w(CaOODSP)9.501067 |
| 856 | 40|ahttp://publications.gc.ca|qPDF|s150 Ko|uhttps://publications.gc.ca/collections/Collection/NH18-22-101-119F.pdf|y01-119 |